00544nam a2200157 a 450000100100000000500170001000800410002704000250006808200130009310000300010624500560013626000450019230000210023795201110025899900170036900004248920201002040203.0131204s1977 ag 000 0 spa d aDO-SdBNPbspacBNPHU axxxbxxx1 aNeustadt, Bernardo96968313aLa Argentina y los Argentinos /cBernardo Neustadt. aBuenos Aires :bEmecé Editores,c1977. a403 p. ;c19 cm. 001050718MOaGRbGRcCTd2013-12-04iLF1l0oxxx xxxp42489-10r2020-06-25w2020-06-25y1ZNo se presta c41978d41978